000 00800nam a2200265 i 4500
001 45709
003 ES-MaACL
005 20260526170628.0
007 t|
008 030326s1956 sp ||||1| spa d
080 _a329.285(460)(091)
100 1 _aComín Colomer, Eduardo,
_d1908-1975
_940010
245 1 0 _aHistoria del anarquismo español /
_cEduardo Comín Colomer.
250 _a2ª ed.
260 _aBarcelona :
_bAHR,
_c1956.
300 _a2 v. ;
_c22 cm.
490 1 _aLa historia ignorada
650 7 _aAnarquismo
_2embne
_99783
650 4 _aAnarquismo-
_zEspaña-
_vHistoria.
_9151458
830 1 3 _aLa historia ignorada
_9182068
852 _aES-MaACL
_jC-19043-44
852 _aES-MaACL
_jAND-573-74
_z- Biblioteca Juan Andrade
942 _2udc
999 _c45709
_d45709